[Event "12th Arad Open 2019"]
[Site "Arad ROU"]
[Date "2019.07.25"]
[Round "2.35"]
[White "Nastase, Robert Paul"]
[Black "Stancu, Ovidiu-Grigore"]
[Result "1-0"]
[WhiteElo "2283"]
[BlackElo "1948"]
[PlyCount "101"]
[EventDate "2019.07.24"]

1. e4 e6 2. d4 d5 3. Nc3 Bb4 4. e5 c5 5. a3 Bxc3+ 6. bxc3 Qa5 7. Bd2 Nc6 8. Qg4
Kf8 9. Nf3 Qa4 10. Ra2 c4 11. Be2 Nge7 12. h4 Qb5 13. O-O Qa5 14. h5 h6 15. a4
Bd7 16. Rb1 Nd8 17. Rba1 Ndc6 18. Qf4 Kg8 19. g4 Qd8 20. Bc1 b6 21. Ba3 Qe8 22.
Nh4 g5 23. hxg6 fxg6 24. Qg3 g5 25. Ng2 Ng6 26. Rf1 Rh7 27. f4 gxf4 28. Nxf4
Nxf4 29. Rxf4 Qg6 30. Rf6 Qe4 31. Qf2 Rg7 32. Bf3 Qh7 33. Bxd5 Rxg4+ 34. Kf1
Qg7 35. Bf3 Rg5 36. Bc1 Rf8 37. Bxg5 hxg5 38. Be4 Rxf6 39. exf6 Qf7 40. Ke2
Qh5+ 41. Kd2 Qh4 42. Qxh4 gxh4 43. Ra1 Kf7 44. Rf1 Nb8 45. Bg6+ Kf8 46. Rf4 Be8
47. f7 Bxa4 48. Rxh4 Nd7 49. Rh8+ Ke7 50. Re8+ Kf6 51. Bh5 1-0

[Event "22nd Cap Aurora Open"]
[Site "?"]
[Date "2018.06.24"]
[Round "?"]
[White "Martinovici, Ilie"]
[Black "Stancu, Ovidiu-Grigore"]
[Result "1-0"]
[WhiteElo "2360"]
[BlackElo "1952"]
[PlyCount "113"]
[EventDate "2018.??.??"]

1. d4 e6 2. c4 f5 3. Nc3 Nf6 4. Nf3 d5 5. Bf4 c6 6. e3 Bd6 7. Ne5 O-O 8. Bd3
Ne4 9. h3 Qe7 10. O-O Nd7 11. Ne2 Nxe5 12. Bxe5 Bxe5 13. dxe5 Nc5 14. Nd4 Nxd3
15. Qxd3 Bd7 16. Nb3 b6 17. Rfd1 Be8 18. Rac1 Bh5 19. Rd2 f4 20. cxd5 cxd5 21.
Nd4 f3 22. g3 Rac8 23. Rxc8 Rxc8 24. Rc2 Rc5 25. Rc3 Bg6 26. Qa6 Rxc3 27. bxc3
Qd7 28. Nxf3 h6 29. Nd4 Bf7 30. Nb5 Kh7 31. a4 Be8 32. Qxa7 Qxa7 33. Nxa7 Bxa4
34. Nc8 b5 35. Nd6 Kg8 36. f4 g6 37. Kf2 Kf8 38. Ke2 Ke7 39. Kd3 Kd7 40. Kd4
Kc6 41. Nf7 h5 42. Ng5 Kd7 43. Kc5 Ke7 44. Nf3 Bc2 45. Nd4 Be4 46. Nxb5 Bg2 47.
h4 Be4 48. Nd6 Bd3 49. Kd4 Ba6 50. e4 dxe4 51. Nxe4 Bb7 52. Nf6 Kd8 53. Kc5 Kc7
54. Ne8+ Kd7 55. Nd6 Bf3 56. Kb6 Be2 57. c4 1-0

[Event "21st Cap Aurora Open"]
[Site "?"]
[Date "2017.06.25"]
[Round "?"]
[White "Manea, Alexandru"]
[Black "Stancu, Ovidiu-Grigore"]
[Result "1-0"]
[WhiteElo "2414"]
[BlackElo "1979"]
[PlyCount "115"]
[EventDate "2017.??.??"]

1. c4 e5 2. Nc3 Nc6 3. Nf3 f5 4. d4 e4 5. Ng5 Bb4 6. Nh3 Nf6 7. Nf4 d6 8. e3
O-O 9. Bd2 Bxc3 10. Bxc3 Qe7 11. Be2 Nd8 12. Qc2 c6 13. d5 c5 14. b3 Nf7 15.
Qb2 Ne5 16. Bxe5 Qxe5 17. Qxe5 dxe5 18. Nh5 Ne8 19. Ng3 Nd6 20. Nf1 a5 21. Rb1
f4 22. Nd2 Bf5 23. Bd1 Rf6 24. Bc2 Raf8 25. a3 Bg6 26. O-O fxe3 27. fxe3 Rxf1+
28. Rxf1 Rxf1+ 29. Kxf1 Kf8 30. Nb1 b6 31. Nc3 Ke7 32. Bd1 h6 33. Kf2 Kf6 34.
Na4 Nc8 35. Bg4 Bf5 36. Kg3 Bxg4 37. Kxg4 g6 38. Kh4 Ke7 39. Kg3 Kf6 40. Kg4
Kf7 41. h4 Kf6 42. h5 Kf7 43. Kh4 gxh5 44. Kxh5 Kg7 45. g4 Kh7 46. Nc3 Nd6 47.
a4 Kg7 48. Nb5 Ne8 49. g5 Kh7 50. d6 Ng7+ 51. Kg4 h5+ 52. Kh4 Kg6 53. d7 Ne6
54. Nd6 Nd8 55. Nc8 Kf7 56. Kxh5 Ne6 57. g6+ Kf6 58. Kh6 1-0

[Event "20th Cap Aurora Open 2016"]
[Site "Cap Aurora ROU"]
[Date "2016.06.28"]
[Round "5.10"]
[White "Cosma, Elena Luminita"]
[Black "Stancu, Ovidiu-Grigore"]
[Result "1-0"]
[WhiteElo "2345"]
[BlackElo "2012"]
[PlyCount "97"]
[EventDate "2016.06.25"]

1. d4 Nf6 2. Nf3 e6 3. g3 d5 4. Bg2 Be7 5. O-O O-O 6. c4 dxc4 7. Qc2 a6 8. Qxc4
b5 9. Qc2 Bb7 10. Bg5 Nbd7 11. Bxf6 Nxf6 12. Nbd2 Rc8 13. Nb3 Be4 14. Qc3 Nd5
15. Qd2 c5 16. dxc5 Bxc5 17. Nxc5 Rxc5 18. Rfc1 Rxc1+ 19. Rxc1 Qf6 20. Qd4 Qxd4
21. Nxd4 Bxg2 22. Kxg2 Ra8 23. Nc6 Kf8 24. Ne5 f6 25. Nd3 a5 26. Rc5 b4 27. Rb5
Ra7 28. e4 Nc7 29. Rb6 e5 30. Nc5 Ke7 31. b3 Ra8 32. Kf3 Ne8 33. Re6+ Kf7 34.
Rc6 Ke7 35. Ke3 Ra7 36. f4 Rc7 37. Rxc7+ Nxc7 38. fxe5 fxe5 39. Nb7 Nb5 40.
Nxa5 Kd6 41. Nc4+ Ke6 42. Kd3 Nd4 43. Ne3 Nf3 44. Nf1 Ng5 45. Nd2 Kd6 46. Kc4
Nf7 47. Kxb4 Kc6 48. a4 Nd6 49. Kc3 1-0

[Event "20th Cap Aurora Open 2016"]
[Site "Cap Aurora ROU"]
[Date "2016.06.26"]
[Round "2.10"]
[White "Stancu, Ovidiu-Grigore"]
[Black "Dolana, Andrei Theodor"]
[Result "0-1"]
[WhiteElo "2012"]
[BlackElo "2354"]
[PlyCount "68"]
[EventDate "2016.06.25"]

1. d4 Nf6 2. Nf3 e6 3. e3 c5 4. b3 d5 5. Bd3 Nc6 6. Bb2 Bd6 7. O-O O-O 8. a3 b6
9. Ne5 Bb7 10. Nd2 Rc8 11. f4 Ne7 12. Qf3 Nf5 13. Rac1 Qe7 14. a4 c4 15. Bxf5
exf5 16. c3 Ne4 17. Qe2 Nxd2 18. Qxd2 f6 19. Nf3 cxb3 20. Rfe1 Ba6 21. Ra1 Qe4
22. Qd1 Bc4 23. Nd2 Qd3 24. Nf3 a5 25. Qxd3 Bxd3 26. Nd2 Bc2 27. Nf1 Ra8 28.
Nd2 b5 29. Rec1 Rfc8 30. Nb1 b4 31. Kf2 Rc7 32. Ke2 Rac8 33. Kd2 bxc3+ 34. Nxc3
Bb4 0-1

[Event "Golden Sands BUL, 2nd Grand Europe Open"]
[Site "Golden Sands BUL"]
[Date "2013.06.16"]
[Round "7.60"]
[White "Posedaru , Bogdan"]
[Black "Stancu, Ovidiu-Grigore"]
[Result "1-0"]
[WhiteElo "2297"]
[BlackElo "2075"]
[PlyCount "71"]
[EventDate "2013.06.10"]
[EventType "swiss"]
[EventRounds "9"]
[EventCountry "BUL"]

1. d4 d5 2. c4 e6 3. Nc3 Nf6 4. cxd5 exd5 5. Bg5 Be7 6. e3 O-O 7. Bd3 h6 8. Bh4
c6 9. Qc2 Re8 10. Nge2 Nbd7 11. O-O Nf8 12. Rab1 Ne4 13. Bxe7 Qxe7 14. b4 Qg5
15. Nxe4 dxe4 16. Bxe4 Rxe4 17. Qxe4 Bf5 18. Qf4 Qg6 19. Rb2 Ne6 20. Qg3 Qh7
21. Nc3 Bd3 22. Re1 Bc4 23. Rd2 a5 24. bxa5 Qf5 25. e4 Qxa5 26. d5 cxd5 27.
exd5 Nf8 28. d6 Nd7 29. Rdd1 Be6 30. Qf3 Rc8 31. Nd5 Rc5 32. Ne7+ Kh8 33. Qxb7
Qd8 34. Rc1 Rxc1 35. Rxc1 Nf6 36. Rc8 1-0

[Event "Golden Sands BUL, 2nd Grand Europe Open"]
[Site "Golden Sands BUL"]
[Date "2013.06.11"]
[Round "2.49"]
[White "Sveshnikov, Vladimir"]
[Black "Stancu, Ovidiu-Grigore"]
[Result "1-0"]
[WhiteElo "2411"]
[BlackElo "2075"]
[PlyCount "59"]
[EventDate "2013.06.10"]
[EventType "swiss"]
[EventRounds "9"]
[EventCountry "BUL"]

1. e4 e6 2. d4 d5 3. Nc3 Bb4 4. exd5 exd5 5. Bd3 Ne7 6. Nge2 c6 7. Ng3 h6 8.
O-O Nd7 9. Qg4 g6 10. Qf3 Ng8 11. Re1+ Be7 12. Bf4 Ndf6 13. h3 Kf8 14. Re3 Kg7
15. Rae1 Bd6 16. Nce2 Qc7 17. Bxd6 Qxd6 18. Nf4 h5 19. Re5 h4 20. Nf1 Bd7 21.
c4 dxc4 22. Bxc4 Rf8 23. Qc3 Nh6 24. Nd2 Re8 25. Nf3 Nf5 26. b4 Nxd4 27. Qxd4
Qxb4 28. Bd3 Qa3 29. Qc5 Rd8 30. Re7 1-0

[Event "Golden Sands BUL, 2nd Grand Europe Open"]
[Site "Golden Sands BUL"]
[Date "2013.06.10"]
[Round "1.47"]
[White "Stancu, Ovidiu-Grigore"]
[Black "Galinsky, Timofey"]
[Result "1-0"]
[WhiteElo "2075"]
[BlackElo "2439"]
[PlyCount "65"]
[EventDate "2013.06.10"]
[EventType "swiss"]
[EventRounds "9"]
[EventCountry "BUL"]

1. Nf3 d5 2. d4 Nf6 3. e3 b6 4. b3 e6 5. Bd3 Be7 6. O-O O-O 7. Ne5 Bb7 8. Bb2
c5 9. Nd2 a5 10. Qe2 a4 11. a3 Nc6 12. Bb5 Nxe5 13. dxe5 Ne8 14. Bd3 f5 15.
Rfd1 Nc7 16. c4 axb3 17. Nxb3 Qe8 18. Nd2 b5 19. cxb5 c4 20. Bc2 Qxb5 21. Rdb1
Qc6 22. Bd4 Rxa3 23. Rxa3 Bxa3 24. Rb6 Qxb6 25. Bxb6 Nb5 26. Bd4 Bc6 27. g4 f4
28. Nf3 Bc1 29. Ng5 fxe3 30. Bxh7+ Kh8 31. Bxe3 Nc3 32. Qc2 Bxe3 33. fxe3 1-0

[Event "#2"]
[Site "?"]
[Date "2012.06.30"]
[Round "9.9"]
[White "Sandu, Mihaela"]
[Black "Stancu, Ovidiu-Grigore"]
[Result "1-0"]
[WhiteElo "2287"]
[BlackElo "2074"]
[PlyCount "109"]
[EventDate "2012.??.??"]

1. e4 e6 2. d4 d5 3. Nc3 Bb4 4. e5 c5 5. a3 Bxc3+ 6. bxc3 Qc7 7. Nf3 Nc6 8. a4
Nge7 9. Bb5 Bd7 10. O-O h6 11. Re1 a6 12. Bxc6 Qxc6 13. Ba3 Qxa4 14. Bxc5 Qc6
15. Rb1 Nc8 16. Qd3 b6 17. Bb4 a5 18. Ba3 Na7 19. Nd2 Nb5 20. c4 Nxa3 21. Qxa3
Qa4 22. Qd6 Qxc2 23. Nf1 Qg6 24. Rxb6 Qg5 25. Reb1 Rc8 26. Rb8 Qe7 27. Rxc8+
Bxc8 28. c5 Qxd6 29. exd6 Kd7 30. Rb5 Ba6 31. Rxa5 Ra8 32. Nd2 Bb7 33. Rxa8
Bxa8 34. f4 f6 35. Kf2 Bc6 36. Ke3 Ba4 37. g3 h5 38. h4 Bd1 39. Kd3 Ba4 40. Kc3
Bb5 41. Nb3 Be2 42. Kb4 Kc6 43. Na5+ Kd7 44. Nb7 Ba6 45. Na5 Be2 46. Nb3 Kc6
47. Nd2 Bd3 48. Kc3 Be2 49. Nb1 Bb5 50. Kb4 Bd3 51. Nc3 Bf1 52. Na4 Be2 53. Nb6
Ba6 54. d7 Kc7 55. c6 1-0

[Event "#1"]
[Site "Cap Aurora"]
[Date "2012.06.26"]
[Round "4.7"]
[White "Stancu, Ovidiu-Grigore"]
[Black "Hristodorescu, Daniel"]
[Result "0-1"]
[WhiteElo "2074"]
[BlackElo "2229"]
[PlyCount "156"]
[EventDate "2012.??.??"]

1. d4 Nf6 2. c4 g6 3. Nc3 Bg7 4. Nf3 O-O 5. Bg5 h6 6. Bh4 c5 7. e3 cxd4 8. exd4
d6 9. Be2 Bf5 10. Qb3 Qd7 11. Bxf6 Bxf6 12. O-O g5 13. Nd5 Bg7 14. Bd3 Bg4 15.
Bc2 Nc6 16. Rad1 e6 17. Ne3 Bxf3 18. gxf3 Bxd4 19. Be4 Bg7 20. Qa3 Nd4 21. Nc2
Ne2+ 22. Kh1 Be5 23. Rfe1 Nf4 24. Nb4 Qe7 25. Nd3 Nxd3 26. Bxd3 Qf6 27. Kg2
Rfd8 28. b3 Qf4 29. Rh1 g4 30. Be2 gxf3+ 31. Bxf3 Kh8 32. Qc1 Rg8+ 33. Kf1 Qh4
34. h3 Rab8 35. Qe3 b6 36. Ke2 Qf6 37. Be4 Rbc8 38. Rhf1 d5 39. cxd5 Rc3 40.
Bd3 exd5 41. Rg1 Rcc8 42. Qf3 Bf4 43. Rxg8+ Rxg8 44. Qxd5 Re8+ 45. Kf1 Re5 46.
Qa8+ Kg7 47. Qg2+ Rg5 48. Qe4 Bd6 49. b4 a5 50. a3 axb4 51. axb4 Rg3 52. Qf5
Rf3 53. Qxf6+ Rxf6 54. b5 Bc5 55. Rd2 h5 56. Kg2 Kh6 57. Be4 Kg5 58. f3 Re6 59.
Rd8 f5 60. Rg8+ Kf4 61. Bc6 Re2+ 62. Kf1 Rf2+ 63. Ke1 Rh2 64. Rh8 Rxh3 65. Kf1
Rh2 66. Rg8 h4 67. Rg6 h3 68. Rh6 Rh1+ 69. Ke2 h2 70. Rh4+ Kg3 71. f4 Ra1 72.
Rh5 Kxf4 73. Kd3 Kg3 74. Rxf5 h1=Q 75. Bxh1 Rxh1 76. Rxc5 bxc5 77. Kc4 Rc1+ 78.
Kb3 Kf4 0-1

[Event "II ROMGAZ Open"]
[Site "Bucharest ROU"]
[Date "2008.09.18"]
[Round "8.30"]
[White "Stancu, Ovidiu-Grigore"]
[Black "Dobre, Claudiu Cristian"]
[Result "0-1"]
[WhiteElo "2137"]
[BlackElo "2300"]
[PlyCount "130"]
[EventDate "2008.09.11"]
[EventRounds "9"]
[EventCountry "ROM"]

1. d4 d5 2. Nf3 Nf6 3. c4 c6 4. e3 Bg4 5. Qb3 Qb6 6. Ne5 Bf5 7. f3 e6 8. Qxb6
axb6 9. Nc3 h5 10. Be2 Nbd7 11. Nxd7 Kxd7 12. O-O Bb4 13. Bd2 Bc2 14. Rac1 Bg6
15. a3 Bxc3 16. Rxc3 Ra4 17. Rfc1 Re8 18. Rb3 dxc4 19. Bxc4 b5 20. Be2 Rea8 21.
Kf2 Ke8 22. g3 Nd7 23. Bb4 f5 24. Bd3 Nf6 25. Bd6 Kf7 26. Re1 Rd8 27. Bc5 Kg8
28. e4 fxe4 29. fxe4 e5 30. Bb6 Rf8 31. Kg2 Nd7 32. Bc5 Re8 33. Rb4 Rxb4 34.
Bxb4 exd4 35. Kf3 Ne5+ 36. Ke2 Nd7 37. Kd2 Re6 38. Re2 b6 39. a4 Ne5 40. axb5
c5 41. Ba3 Rf6 42. b3 Rf3 43. Bb1 Bf7 44. Ba2 Bxb3 45. Bxb3+ Rxb3 46. Bc1 Nf3+
47. Kd1 Rb1 48. Rf2 Ne5 49. Rf5 Nd3 50. Kc2 Rxc1+ 51. Kxd3 Rc3+ 52. Kd2 Re3 53.
Rd5 Rb3 54. Rd7 Rxb5 55. e5 Rb3 56. e6 Kf8 57. Rf7+ Ke8 58. Rb7 c4 59. Rd7 d3
60. Rc7 b5 61. h3 Rb2+ 62. Kc1 Rc2+ 63. Kd1 c3 64. Rd7 Rd2+ 65. Kc1 b4 0-1

[Event "II ROMGAZ Open"]
[Site "Bucharest ROU"]
[Date "2008.09.16"]
[Round "6.26"]
[White "Stancu, Ovidiu-Grigore"]
[Black "Manea, Alexandru"]
[Result "1/2-1/2"]
[WhiteElo "2137"]
[BlackElo "2357"]
[PlyCount "122"]
[EventDate "2008.09.11"]
[EventRounds "9"]
[EventCountry "ROM"]

1. Nf3 g6 2. d4 Bg7 3. b3 c5 4. e3 Nc6 5. c3 d5 6. Bb2 Nf6 7. Bd3 O-O 8. h3 Qc7
9. Nbd2 e5 10. dxe5 Nxe5 11. Nxe5 Qxe5 12. Nf3 Qe7 13. Qc2 b6 14. O-O Bb7 15.
Rfe1 a6 16. a4 Qc7 17. Qe2 Rfe8 18. Rac1 Qc6 19. Qf1 Ne4 20. Rc2 c4 21. bxc4
dxc4 22. Bxe4 Qxe4 23. Rd2 Rad8 24. Red1 Rd5 25. Rxd5 Bxd5 26. Rd2 Bc6 27. Nd4
Rd8 28. Ba3 Be5 29. Nf3 Bc7 30. Rxd8+ Bxd8 31. Nd4 Bd5 32. Bc1 Bg5 33. f4 Bh4
34. Bd2 Be7 35. Kh2 Kf8 36. Qf3 Ke8 37. Kg3 Kd7 38. Kf2 Bh4+ 39. g3 Be7 40. f5
Qxf3+ 41. Nxf3 gxf5 42. Nd4 Be4 43. Be1 Kd6 44. Ke2 Kd5 45. g4 fxg4 46. hxg4
Ba3 47. Bh4 Bd3+ 48. Kf3 Bb2 49. Be1 Bg6 50. Bd2 Ba3 51. Be1 Bd6 52. Bh4 Be4+
53. Ke2 Kc5 54. Kd2 Kd5 55. Bd8 Bc5 56. Ne2 Bf3 57. Bg5 Bxg4 58. Ng3 Bd7 59.
Bf4 Bxa4 60. e4+ Ke6 61. Nh5 Bc6 1/2-1/2

[Event "II ROMGAZ Open"]
[Site "Bucharest ROU"]
[Date "2008.09.14"]
[Round "4.21"]
[White "Stancu, Ovidiu-Grigore"]
[Black "Dzagnidze, Nana"]
[Result "0-1"]
[WhiteElo "2137"]
[BlackElo "2458"]
[PlyCount "62"]
[EventDate "2008.09.11"]
[EventRounds "9"]
[EventCountry "ROM"]

1. Nf3 d5 2. d4 g6 3. Bf4 Bg7 4. e3 Nf6 5. Nc3 c6 6. Be2 O-O 7. Ne5 Nbd7 8. h4
Ne4 9. Nxe4 dxe4 10. Nxd7 Bxd7 11. c3 Be6 12. h5 Qb6 13. Qc2 c5 14. hxg6 hxg6
15. Bh6 Bxh6 16. Rxh6 Kg7 17. Rh1 f5 18. b3 cxd4 19. exd4 a5 20. Rd1 Rh8 21.
Kd2 Qd6 22. g3 a4 23. Rxh8 Rxh8 24. bxa4 Rh2 25. Rf1 Bf7 26. Qb2 f4 27. gxf4
Qxf4+ 28. Ke1 e3 29. fxe3 Qg3+ 30. Kd1 Bc4 31. Re1 Bxe2+ 0-1

[Event "II ROMGAZ Open"]
[Site "Bucharest ROU"]
[Date "2008.09.12"]
[Round "2.30"]
[White "Stancu, Ovidiu-Grigore"]
[Black "Kasparov, Sergey"]
[Result "0-1"]
[WhiteElo "2137"]
[BlackElo "2486"]
[PlyCount "82"]
[EventDate "2008.09.11"]
[EventRounds "9"]
[EventCountry "ROM"]

1. Nf3 Nf6 2. d4 c5 3. e3 cxd4 4. exd4 d5 5. Bd3 Nc6 6. c3 Bg4 7. O-O Qc7 8.
Re1 e6 9. h3 Bh5 10. Bg5 Bd6 11. Nbd2 Bg6 12. Bxg6 hxg6 13. Qb3 O-O 14. Re2 b5
15. Rc1 Rab8 16. Qc2 Rfe8 17. Qd3 Nd7 18. Rce1 Na5 19. Ne5 b4 20. cxb4 Nxe5 21.
dxe5 Bxb4 22. a3 Bxd2 23. Qxd2 Rb3 24. Qd4 Nc4 25. Rc2 Reb8 26. Bc1 a5 27. Ree2
a4 28. g3 Qb6 29. Qh4 Rd3 30. Kg2 Qb7 31. Kh2 Rd1 32. Qg4 d4 33. Re4 Nxe5 34.
Qxd1 Qxe4 35. h4 Nf3+ 36. Kh3 Ne1 37. Rd2 e5 38. Qxa4 Qg2+ 39. Kg4 Nf3 40. Qc4
Nh2+ 41. Kg5 Qf3 0-1

[Event "Open ROMGAZ"]
[Site "?"]
[Date "2007.08.09"]
[Round "8.18"]
[White "Stancu, Ovidiu-Grigore"]
[Black "Tamba, Dumitru"]
[Result "1-0"]
[WhiteElo "2156"]
[BlackElo "1913"]
[Annotator "Anuta Laurentiu"]
[PlyCount "95"]

1. d4 d5 2. Nf3 c6 3. e3 Nf6 4. Bd3 e6 5. b3 g6 6. O-O Bg7 7. Bb2 O-O 8. Nbd2
Nbd7 9. Ne5 Nxe5 10. dxe5 Nd7 11. f4 f5 12. Nf3 a6 13. a4 Re8 14. Ba3 Qb6 15.
Qe2 Bh6 16. Kh1 Bf8 17. Bb2 Nc5 18. a5 Qc7 19. Ba3 Bd7 20. Rfc1 Nxd3 21. cxd3
Bxa3 22. Rxa3 Rac8 23. d4 Qd8 24. Ne1 Qe7 25. Qb2 c5 26. Nd3 cxd4 27. exd4
Rxc1+ 28. Qxc1 Rc8 29. Nc5 Rc7 30. Ra2 Qe8 31. Rc2 Bb5 32. Nxb7 Rxc2 33. Qxc2
Qb8 34. Nc5 Kf7 35. h3 g5 36. fxg5 Qd8 37. Qd2 Qe7 38. h4 h5 39. Qd1 Kg6 40.
Kh2 Qe8 41. Kg3 Qc8 42. Kf4 Be8 43. Qd3 Bb5 44. Qc3 Bf1 45. g3 Qc6 46. Na4 Qb5
47. Qc8 Qe2 48. Qg8# 1-0

[Event "Open ROMGAZ"]
[Site "?"]
[Date "2007.08.08"]
[Round "7.12"]
[White "Marincas, Vlad"]
[Black "Stancu, Ovidiu-Grigore"]
[Result "1-0"]
[WhiteElo "2042"]
[BlackElo "2156"]
[Annotator "Anuta,Laurentiu"]
[PlyCount "47"]

1. e4 e6 2. d4 d5 3. Nc3 Bb4 4. e5 c5 5. a3 Bxc3+ 6. bxc3 Ne7 7. Qg4 Qc7 8.
Qxg7 Rg8 9. Qxh7 cxd4 10. Ne2 dxc3 11. f4 Bd7 12. Qd3 d4 13. Nxd4 a6 14. g3 Nd5
15. Bg2 Bc6 16. O-O Nd7 17. Nxc6 bxc6 18. Bxd5 cxd5 19. Be3 Qa5 20. Rfb1 Nc5
21. Bxc5 Qxc5+ 22. Kg2 Rd8 $11 23. Rb7 Kf8 24. Qh7 1-0

[Event "Open ROMGAZ"]
[Site "?"]
[Date "2007.08.07"]
[Round "6.10"]
[White "Stancu, Ovidiu-Grigore"]
[Black "Manescu, Tiberiu"]
[Result "0-1"]
[WhiteElo "2156"]
[BlackElo "2292"]
[Annotator "Anuta,Laurentiu"]
[PlyCount "62"]

1. d4 Nf6 2. c4 g6 3. Nc3 Bg7 4. e4 d6 5. h3 O-O 6. Bd3 a6 7. Nf3 c5 8. d5 b5
9. Bg5 Nbd7 10. Qd2 Nb6 11. cxb5 axb5 12. Bxb5 Ba6 13. Bxa6 Rxa6 14. O-O Qa8
15. Rab1 Na4 16. Bxf6 Bxf6 17. Qh6 Bg7 18. Qh4 Qa7 19. Nb5 Qd7 20. b3 Qxb5 21.
bxa4 Qd7 22. Rb3 c4 23. Rb4 c3 24. Rc1 Rxa4 25. Rxa4 Qxa4 26. Qxe7 Qxa2 27.
Qxd6 Bh6 28. Rf1 c2 29. Qc5 Qb2 30. Ng5 Bxg5 31. f4 Bxf4 0-1

[Event "Open ROMGAZ"]
[Site "?"]
[Date "2007.08.06"]
[Round "5.15"]
[White "Chifor, Ovidiu-Emanuel"]
[Black "Stancu, Ovidiu-Grigore"]
[Result "0-1"]
[WhiteElo "1884"]
[BlackElo "2156"]
[Annotator "Anuta Laurentiu"]
[PlyCount "122"]

1. d4 Nf6 2. c4 c5 3. d5 e6 4. Nc3 exd5 5. cxd5 d6 6. Nf3 g6 7. g3 Bg7 8. Bg2
O-O 9. O-O Re8 10. Nd2 b6 11. Re1 a6 12. a4 Ra7 13. Nc4 Ng4 14. Bf4 Ne5 15.
Bxe5 Bxe5 16. Qd2 Rae7 17. Rab1 Qc7 18. e3 Bg7 19. Ne2 b5 20. axb5 axb5 21. Na3
Qb6 22. b4 c4 23. Nc3 Bd7 24. Nc2 Bf5 25. Ra1 Na6 26. e4 Bxc3 27. Qxc3 Bxe4 28.
Bxe4 Rxe4 29. Rxe4 Rxe4 30. Ne3 Nc7 31. Re1 Ne8 32. Qa1 Qb7 33. Qa5 Nc7 34. Qa1
Ne8 35. Qa5 f6 36. h4 h5 37. Kf1 Nc7 38. Qa1 Kf7 39. Kg1 Na6 40. Qc3 Qe7 41.
Ra1 Qb7 42. Re1 Nb8 43. Qc2 Re5 44. Ra1 Na6 45. Qd2 Kg7 46. Qd4 Re7 47. Qd2 Nc7
48. Qd4 Na8 49. Ra5 Nc7 50. Ra7 Qb8 51. g4 hxg4 52. Nxg4 Qf8 53. Ra3 Qf7 54.
Qf4 Ne8 55. Qh6+ Kg8 56. Qf4 Qxd5 57. Rf3 f5 58. Ne3 Qe4 59. Qg3 Rg7 60. Rf4
Qe5 61. Ng2 Nf6 0-1

[Event "Open ROMGAZ"]
[Site "?"]
[Date "2007.08.05"]
[Round "4.10"]
[White "Stancu, Ovidiu-Grigore"]
[Black "Valeanu, Eduard Andrei"]
[Result "0-1"]
[WhiteElo "2156"]
[BlackElo "2354"]
[Annotator "Anuta Laurentiu"]
[PlyCount "116"]

1. d4 g6 2. Nf3 Bg7 3. Nc3 c5 4. e3 Nf6 5. Be2 O-O 6. a3 b6 7. Ne5 Bb7 8. Bf3
Bxf3 9. Qxf3 Na6 10. h4 d6 11. Nd3 Qd7 12. Qh3 Qb7 13. Ne2 Nc7 14. f3 cxd4 15.
exd4 e5 16. Bg5 Rfe8 17. dxe5 dxe5 18. Bxf6 Bxf6 19. h5 e4 20. hxg6 hxg6 21.
fxe4 Qxe4 22. Qh7+ Kf8 23. O-O Qh4 24. Qxh4 Bxh4 25. Nef4 Kg7 26. Rf3 Nb5 27.
c3 Nd6 28. g3 Bg5 29. Raf1 f5 30. Re1 Rxe1+ 31. Nxe1 Re8 32. Ned3 Nc4 33. Rf2
Re3 34. Kg2 Bxf4 35. Nxf4 Re1 36. Kf3 g5 37. Nd5 Re5 38. Nb4 Kg6 39. Nc6 Re3+
40. Kg2 Re1 41. Kf3 a5 42. Nd4 a4 43. Re2 Rxe2 44. Kxe2 Nxb2 45. Nb5 Kf6 46.
Ke3 Ke5 47. Kf3 Nc4 48. Kf2 f4 49. gxf4+ Kxf4 50. Nc7 Ke4 51. Nb5 Kd5 52. Kg3
Kc5 53. Nd4 Nxa3 54. Kg4 Nb1 55. Kf3 Nxc3 56. Ke3 Kc4 57. Nc2 Nb1 58. Ke2 Kc3
0-1

[Event "Open ROMGAZ"]
[Site "?"]
[Date "2007.08.04"]
[Round "2.11"]
[White "Grecescu, Gabriel Andrei"]
[Black "Stancu, Ovidiu-Grigore"]
[Result "1-0"]
[WhiteElo "2383"]
[BlackElo "2156"]
[Annotator "Anuta Laurentiu"]
[PlyCount "107"]

1. c4 e6 2. Nf3 Nf6 3. b3 b6 4. Bb2 Bb7 5. e3 Be7 6. Be2 O-O 7. O-O d5 8. d4
Nbd7 9. cxd5 Nxd5 10. Nbd2 a6 11. Nc4 Rc8 12. Rc1 f6 13. Bd3 Qe8 14. Nfd2 Qf7
15. Bb1 Kh8 16. Qe2 b5 17. Na5 Ba8 18. Nc6 Bd6 19. Ne4 f5 20. Ng5 Qg6 21. f4
Qh6 22. Rf3 Qg6 23. Rg3 Qe8 24. Nf3 Rf6 25. Nfe5 Rh6 26. a4 Nxe5 27. dxe5 Bb4
28. axb5 axb5 29. Nxb4 Nxb4 30. e4 fxe4 31. Bxe4 Nd5 32. Rf1 Ne7 33. Bb1 Qh5
34. Qxh5 Rxh5 35. Rc3 Bd5 36. g4 Rh4 37. Rg3 Rf8 38. f5 Nc6 39. f6 Kg8 40. Rd1
gxf6 41. exf6 Kf7 42. h3 Rg8 43. Kf2 Nb8 44. Re3 c6 45. Kg3 Rh6 46. h4 Nd7 47.
g5 Rhg6 48. Bxg6+ hxg6 49. Ra1 Rd8 50. Ra7 c5 51. Be5 Ke8 52. h5 Nxe5 53. Rxe5
gxh5 54. g6 1-0

[Event "Trofeul Centrocoop(A)"]
[Site "?"]
[Date "2000.??.??"]
[Round "?"]
[White "Salageanu, Petru Gabriel"]
[Black "Stancu, Ovidiu-Grigore"]
[Result "1/2-1/2"]
[WhiteElo "2150"]
[BlackElo "1800"]
[PlyCount "113"]
[EventDate "2000.??.??"]
[Source "b/signature.htm"]
[SourceDate "3188127.01.02"]

1. e4 e6 2. d4 d5 3. Nc3 Bb4 4. exd5 exd5 5. a3 Bxc3+ 6. bxc3 Bf5 7. Ne2 Qe7 8.
Be3 Nf6 9. Ng3 Be4 10. Bd3 O-O 11. O-O Qd7 12. Bg5 Bxd3 13. cxd3 Ne8 14. Re1 f6
15. Bf4 g5 16. Bd2 Ng7 17. Qf3 Nc6 18. Rab1 b6 19. Re2 Rf7 20. Rbe1 Raf8 21. h3
Ne7 22. Nh5 Nxh5 23. Qxh5 Ng6 24. g3 Kh8 25. Kg2 Rg8 26. Qf3 h6 27. Kh2 Kg7 28.
Qg2 h5 29. Qf3 a5 30. Qe3 h4 31. Qe6 Rh8 32. Qxd7 Rxd7 33. Re6 g4 34. hxg4
hxg3+ 35. Kxg3 Rf7 36. f4 f5 37. g5 Rd7 38. R1e2 Rd6 39. Rxd6 cxd6 40. Re6 Rh1
41. Re1 Rxe1 42. Bxe1 b5 43. c4 dxc4 44. dxc4 bxc4 45. Bxa5 Kf7 46. Kf3 Ke6 47.
Ke3 d5 48. Bd2 Kd7 49. Bc1 Kc6 50. a4 Kb6 51. Bd2 Kc6 52. Ke2 Kb6 53. Kd1 c3
54. Bc1 Ka5 55. Kc2 Kxa4 56. Kxc3 Kb5 57. Bd2 1/2-1/2

[Event "Trofeul Centrocoop(A)"]
[Site "?"]
[Date "2000.??.??"]
[Round "?"]
[White "Sebe-Vodislav, Razvan-Alexandru"]
[Black "Stancu, Ovidiu-Grigore"]
[Result "1-0"]
[WhiteElo "2300"]
[BlackElo "1800"]
[PlyCount "103"]
[EventDate "2000.??.??"]
[Source "b/signature.htm"]
[SourceDate "3188127.01.02"]

1. e4 e6 2. d3 c5 3. g3 Nc6 4. Bg2 b5 5. Nf3 Bb7 6. O-O Be7 7. Re1 Nd4 8. Nbd2
d6 9. Nxd4 cxd4 10. f4 e5 11. Nf3 Qc7 12. Bd2 Nf6 13. Rc1 Nd7 14. Bh3 Nc5 15.
Qe2 Bc8 16. f5 Qb6 17. g4 h6 18. Kh1 b4 19. Rg1 Bg5 20. Bg2 Bxd2 21. Qxd2 Ba6
22. Bf1 f6 23. Qe1 Rb8 24. Nh4 Bb7 25. Ng6 Rg8 26. Bg2 a5 27. Qg3 Ba6 28. h4
Qa7 29. g5 Qf7 30. b3 Bb7 31. gxh6 gxh6 32. Rce1 Kd7 33. Bf3 Kc7 34. Re2 Kb6
35. Reg2 Nd7 36. Qe1 Qh7 37. Qd2 Rbc8 38. Ne7 Rxg2 39. Nxc8+ Bxc8 40. Qxg2 d5
41. Qg6 Qh8 42. exd5 Qd8 43. Qxh6 Qc7 44. Qd2 Qd6 45. h5 Nf8 46. Be4 Nh7 47. h6
Qf8 48. Rg7 Qh8 49. Qh2 Ng5 50. Qh5 Qd8 51. Rxg5 fxg5 52. h7 1-0

[Event "Trofeul Centrocoop(A)"]
[Site "?"]
[Date "2000.??.??"]
[Round "?"]
[White "Stancu, Ovidiu-Grigore"]
[Black "Gartung, Oleg"]
[Result "1-0"]
[WhiteElo "1800"]
[BlackElo "1650"]
[Annotator "Unreadable"]
[PlyCount "95"]
[EventDate "2000.??.??"]

1. d4 e6 2. Nf3 Nf6 3. c4 Bb4+ 4. Bd2 Qe7 5. a3 Bxd2+ 6. Nbxd2 c5 7. e3 b6 8.
Be2 Bb7 9. O-O O-O 10. Qc2 d5 11. b3 Nbd7 12. Qb2 Rac8 13. Rac1 Rfe8 14. Ne5
dxc4 15. Ndxc4 cxd4 16. exd4 Nd5 17. Bh5 g6 18. Bf3 f6 19. Nxd7 Qxd7 20. Ne3
Nf4 21. Ng4 Kg7 22. Qd2 g5 23. Bxb7 Qxb7 24. f3 Qd5 25. g3 Ng6 26. Qe3 h5 27.
Nf2 e5 28. Rxc8 Rxc8 29. Rd1 Rc7 30. b4 Re7 31. Qe4 Qxe4 32. Nxe4 exd4 33. Rxd4
Ne5 34. Kf2 g4 35. Rd6 gxf3 36. Nxf6 Ng4+ 37. Nxg4 hxg4 38. Rd4 Re2+ 39. Kf1
Rxh2 40. Rxg4+ Kh6 41. Rh4+ Rxh4 42. gxh4 Kh5 43. Kf2 Kg4 44. h5 Kxh5 45. Kxf3
Kg5 46. Ke4 a5 47. b5 a4 48. Kd5 1-0